000 00311nam a22001337a 4500
008 180906b xxu||||| |||| 00| 0 eng d
020 _a9780827378520
041 _aeng
080 _25 ED
_a616
100 _a4
101 _aSHM
245 _aIntroduction To Health Services
_cWilliams.S.J
942 _2udc
_cBK
999 _c47583
_d47583